Translate to English: Spanish - Statistics

General Stats
  • This quiz has been taken 1,365 times
  • The average score is 12 of 16
Answer Stats
Spanish English % Correct
Hola Hello
100%
Gracias Thank you
100%
Adios Goodbye
99%
Gato Cat
93%
Perro Dog
92%
Leche Milk
92%
Pan Bread
90%
Hombre Man
88%
Ciudad City
84%
Felicidad Happiness
78%
Amar Love
71%
Beso Kiss
67%
Fresco Cool
65%
Llevar Carry
47%
Agradable Nice
37%
Zapatero Shoemaker
27%
No matching quizzes found
Score Distribution
Percent of People with Each Score
Percentile by Number Answered
Your Score History
You have not taken this quiz